[Event "46th Ghent Open 2025"]
[Site "Ghent BEL"]
[Date "2025.07.20"]
[Round "3.3"]
[White "Arman, Deniz"]
[Black "Becx, Cesar"]
[Result "1-0"]
[WhiteTitle "FM"]
[BlackTitle "FM"]
[WhiteElo "2352"]
[BlackElo "2063"]
[WhiteFideId "6302106"]
[BlackFideId "1001183"]
[EventDate "2025.07.19"]

1. d4 f5 2. e4 fxe4 3. Nc3 Nf6 4. Bg5 c6 5. f3 Qa5 6. Qd2 e5 7. dxe5 Qxe5 8.
O-O-O Bb4 9. Bxf6 gxf6 10. fxe4 Qg5 11. Qxg5 fxg5 12. Nf3 g4 13. Nd4 d6 14. Bc4
Nd7 15. Be6 Ne5 16. Bxc8 Rxc8 17. Nf5 Nf7 18. Ne2 a5 19. Nf4 Kd7 20. Rhf1 Ne5
21. Nd3 Nxd3+ 22. Rxd3 Rce8 23. Rf4 h5 24. Ng3 Ke6 25. Rf5 h4 26. Nh5 Reg8 27.
Nf4+ Ke7 28. e5 Rh6 29. Re3 d5 30. Rb3 b6 31. Re3 Rf8 32. Rxf8 Kxf8 33. Kd1 Ke7
34. h3 Bc5 35. Rd3 gxh3 36. Rxh3 Bd4 37. Nd3 Rh5 38. e6 Bf6 39. g4 hxg3 40. Rxg3
Rh1+ 41. Kd2 Rh2+ 42. Kd1 Kxe6 43. c3 c5 44. Nf4+ Ke5 45. Ne2 d4 46. cxd4+ cxd4
47. Rb3 Bd8 48. Rb5+ Ke4 49. Ng3+ Kd3 50. Nf1 Kc4 51. Rb3 Rh1 52. Ke2 b5 53. Rg3 1-0

[Event "46th Ghent Open 2025"]
[Site "Ghent BEL"]
[Date "2025.07.20"]
[Round "3.4"]
[White "Van der Leij, Arjan"]
[Black "De Waele, Warre"]
[Result "0-1"]
[BlackTitle "FM"]
[WhiteElo "2062"]
[BlackElo "2344"]
[WhiteFideId "1018850"]
[BlackFideId "241156"]
[EventDate "2025.07.19"]

1. e4 c5 2. c3 d5 3. exd5 Qxd5 4. d4 g6 5. Nf3 Bg7 6. Be2 cxd4 7. cxd4 Nf6 8.
Nc3 Qd8 9. Ne5 O-O 10. O-O Nc6 11. Nxc6 bxc6 12. Bf3 Nd5 13. Re1 e6 14. Na4 Rb8
15. b3 Qd6 16. g3 Qb4 17. Bb2 Rd8 18. Rc1 Ne7 19. Rc4 Qd6 20. Nc5 Nd5 21. Qc1
Qc7 22. Nd3 Rb6 23. Ne5 Bb7 24. Qd2 Ba6 25. Bxd5 Bxc4 26. Nxc4 Rxd5 27. Nxb6
axb6 28. Qb4 c5 29. dxc5 Bxb2 30. cxb6 Qb7 31. a4 Bd4 32. a5 Bc5 33. Qe4 Qa6 34.
b4 Bd6 35. Rc1 Kg7 36. Kg2 Qb7 37. Rc4 f5 38. Qf3 g5 39. h3 Qa6 40. Qc3+ Be5 41.
Qb3 Qb7 42. Kg1 Qd7 43. Rc1 f4 44. gxf4 Bxf4 45. a6 Bxc1 46. Qc3+ Kg6 47. b7 Bf4
48. Qc2+ Kh6 49. Qe4 Rd4 50. Qxf4 Rxf4 51. b8=Q Qd1+ 52. Kh2 Rxf2+ 53. Kg3 Qf3# 0-1

[Event "46th Ghent Open 2025"]
[Site "Ghent BEL"]
[Date "2025.07.20"]
[Round "3.5"]
[White "Dhooge, Servaas"]
[Black "Szajbely, Zsigmond"]
[Result "0-1"]
[BlackTitle "FM"]
[WhiteElo "2062"]
[BlackElo "2298"]
[WhiteFideId "268216"]
[BlackFideId "711691"]
[EventDate "2025.07.19"]

1. e4 c6 2. d4 d5 3. e5 Bf5 4. h4 Qb6 5. Nf3 e6 6. Bd3 Bg4 7. Nbd2 c5 8. dxc5
Bxc5 9. Qe2 Nd7 10. c3 h5 11. a4 a5 12. O-O Ne7 13. Bb5 Nf5 14. Bxd7+ Kxd7 15.
Qd3 Qa6 16. c4 Rhd8 17. Ne4 Be7 18. Bg5 Bxf3 19. Nc5+ Bxc5 20. Qxf3 Be7 21. cxd5
Bxg5 22. dxe6+ Kxe6 23. Qb3+ Ke7 24. hxg5 Kf8 25. Rfe1 Nd4 26. Qh3 Qe6 27. Qxh5
Nc2 28. Rac1 Nxe1 29. Qh8+ Ke7 30. Rc7+ Rd7 31. Rxd7+ Qxd7 32. Qxa8 Qd5 33. f3
Nd3 34. g6 fxg6 35. e6 Nf4 36. Qg8 Nxe6 0-1

[Event "46th Ghent Open 2025"]
[Site "Ghent BEL"]
[Date "2025.07.20"]
[Round "3.6"]
[White "Terryn, Ezra"]
[Black "Van Veelen, Thomas"]
[Result "1-0"]
[WhiteElo "2282"]
[BlackElo "2057"]
[WhiteFideId "233196"]
[BlackFideId "1032267"]
[EventDate "2025.07.19"]

1. e4 e6 2. d4 d5 3. e5 c5 4. c3 Nc6 5. Nf3 Bd7 6. Bd3 cxd4 7. O-O dxc3 8. Nxc3
Nge7 9. Bg5 Qb8 10. Re1 Ng6 11. Qe2 Bc5 12. h4 h6 13. Bd2 O-O 14. h5 Nge7 15.
Rac1 Nd4 16. Nxd4 Bxd4 17. Bxh6 Bxe5 18. Bd2 Bh2+ 19. Kh1 Bf4 20. Bb1 Bc6 21.
Rcd1 Re8 22. Qg4 Bxd2 23. Rxd2 Nf5 24. Bxf5 exf5 25. Rxe8+ Qxe8 26. Qf4 Qe1+ 27.
Kh2 Re8 28. Nxd5 Qe5 29. Qxe5 Rxe5 30. Nb4 Bb5 31. Kg3 Kh7 32. b3 Kh6 33. a4 Be8
34. Rc2 Re4 35. Nd5 Rg4+ 36. Kh3 Bc6 37. Rd2 Kxh5 38. f3 Rh4+ 39. Kg3 Bxd5 40.
Rxd5 Rb4 41. Rxf5+ Kg6 42. Rb5 Rxb5 43. axb5 Kf5 44. f4 Ke4 45. Kg4 f6 46. Kh5
Kf5 47. g3 a6 48. bxa6 bxa6 49. b4 g6+ 50. Kh6 g5 51. fxg5 fxg5 1-0

[Event "46th Ghent Open 2025"]
[Site "Ghent BEL"]
[Date "2025.07.20"]
[Round "3.7"]
[White "Vranckx, Oscar"]
[Black "Dreelinck, Jacob"]
[Result "0-1"]
[BlackTitle "FM"]
[WhiteElo "2057"]
[BlackElo "2266"]
[WhiteFideId "34608788"]
[BlackFideId "250511"]
[EventDate "2025.07.19"]

1. e4 e6 2. d4 h6 3. Nc3 a6 4. Bd3 b5 5. Be3 Bb7 6. f3 Nf6 7. Nge2 Qc8 8. Qd2 c5
9. e5 Nd5 10. Nxd5 Bxd5 11. Nf4 Bb7 12. c3 d5 13. O-O Nd7 14. a4 bxa4 15. Rxa4
Nb6 16. Raa1 cxd4 17. cxd4 Nc4 18. Qe2 Nxe3 19. Qxe3 Be7 20. Nh5 g6 21. Nf6+ Kf8
22. Qf4 Kg7 23. Rf2 Qd8 24. Rc2 Bxf6 25. Rc7 Rb8 26. exf6+ Qxf6 27. Qe3 Rhc8 28.
Rac1 a5 29. R1c5 Rxc7 30. Rxc7 Bc8 31. Kf1 Ra8 32. Bb5 Ba6 33. Bxa6 Rxa6 34. Qc3
Rb6 35. Rc8 Rb4 36. Qc5 g5 37. Qf8+ Kg6 38. Rc6 Rxb2 39. Qg8+ Qg7 40. Qe8 Rb1+
41. Ke2 Qxd4 42. Qg8+ Qg7 43. Rxe6+ fxe6 44. Qxe6+ Kh7 45. Qf5+ Qg6 46. Qd7+ Kh8
47. Qd8+ Qg8 48. Qf6+ Qg7 49. Qd8+ Kh7 50. Qxd5 Qb2+ 51. Ke3 Re1+ 52. Kd3 Rd1+
53. Ke3 Qc3+ 54. Kf2 Qe1# 0-1

[Event "46th Ghent Open 2025"]
[Site "Ghent BEL"]
[Date "2025.07.20"]
[Round "3.8"]
[White "Shuqja, Klean"]
[Black "Zouaghi, Amir"]
[Result "0-1"]
[WhiteTitle "WFM"]
[WhiteElo "2044"]
[BlackElo "2244"]
[WhiteFideId "4701585"]
[BlackFideId "249262"]
[EventDate "2025.07.19"]

1. e4 c5 2. Nf3 Nc6 3. Bb5 Nf6 4. e5 Nd5 5. O-O Nc7 6. Bxc6 dxc6 7. Nc3 g6 8.
Re1 Bg7 9. Ne4 b6 10. Nf6+ Kf8 11. Ne4 Bg4 12. h3 Bxf3 13. Qxf3 Ne6 14. Ng3 Qc7
15. Qe2 h5 16. h4 Rd8 17. b3 Rd4 18. Bb2 Rxh4 19. f3 Nd4 20. Bxd4 Rxd4 21. c3
Rd5 22. f4 Bh6 23. Rf1 Kg7 24. Ne4 f5 25. Ng3 Rhd8 26. Rad1 Rd3 27. Rf3 Qd7 28.
Nf1 e6 29. Kf2 Kf7 30. g3 Bf8 31. Rxd3 Qxd3 32. Qxd3 Rxd3 33. Ke2 Rd8 34. Nh2
Be7 35. Nf3 a5 36. a4 b5 37. axb5 cxb5 38. Ra1 Ra8 39. Ng5+ Bxg5 40. fxg5 Ke7
41. d4 cxd4 42. cxd4 a4 43. bxa4 bxa4 44. Ra3 Kd7 45. Kd3 Kc6 46. Kc4 Ra7 47.
d5+ exd5+ 48. Kd4 Ra5 49. Rc3+ Kd7 50. Ra3 Ke6 51. Rc3 a3 0-1

[Event "46th Ghent Open 2025"]
[Site "Ghent BEL"]
[Date "2025.07.20"]
[Round "3.9"]
[White "Plomp, Mateo"]
[Black "Kotyk, Michael"]
[Result "1-0"]
[BlackTitle "CM"]
[WhiteElo "2044"]
[BlackElo "2241"]
[WhiteFideId "258083"]
[BlackFideId "16214501"]
[EventDate "2025.07.19"]

1. e4 e5 2. Nc3 Nf6 3. Bc4 Nc6 4. d3 Na5 5. Nge2 Nxc4 6. dxc4 Bc5 7. Qd3 d6 8.
f3 Be6 9. b3 Nd7 10. Be3 O-O 11. Bxc5 Nxc5 12. Qe3 f5 13. O-O-O Qh4 14. Kb2 fxe4
15. fxe4 Qf2 16. Qd2 Bg4 17. Rdf1 Qxf1 18. Rxf1 Rxf1 19. Ng3 Rf7 20. h3 Be6 21.
Nd5 a5 22. h4 a4 23. b4 a3+ 24. Kc1 Nxe4 25. Qd3 Nxg3 26. Qxg3 c6 27. Ne3 b5 28.
cxb5 Bxa2 29. bxc6 Bd5 30. Kb1 a2+ 31. Ka1 Bxc6 32. Qg4 Bd5 33. Qd1 Be4 34. Qxd6
Bxg2 35. Qxe5 Bc6 36. b5 Bb7 37. c4 Rf2 38. c5 Re2 39. Qc3 Re8 40. Qc4+ 1-0

[Event "46th Ghent Open 2025"]
[Site "Ghent BEL"]
[Date "2025.07.20"]
[Round "3.10"]
[White "Venkataramanan, T.S."]
[Black "Verkooyen, Frank"]
[Result "0-1"]
[WhiteTitle "FM"]
[WhiteElo "2220"]
[BlackElo "2041"]
[WhiteFideId "5001579"]
[BlackFideId "1053167"]
[EventDate "2025.07.19"]

1. e4 c6 2. d4 d5 3. exd5 cxd5 4. c4 Nf6 5. Nc3 Nc6 6. Nf3 Bg4 7. cxd5 Nxd5 8.
Qb3 Bxf3 9. gxf3 Nb6 10. d5 Nd4 11. Qd1 e5 12. dxe6 fxe6 13. Be3 Bc5 14. b4 O-O
15. bxc5 Nxf3+ 16. Ke2 Qf6 17. Bg2 Rad8 18. Qc1 Nd5 19. Ne4 Nd4+ 20. Kf1 Qe5 21.
Rb1 Nf3 22. Nd6 b6 23. Nc4 Qe4 24. Rb3 Nxe3+ 25. Nxe3 Rd2 26. Bxf3 Rxf2+ 27. Kg1
Qxf3 28. Qe1 Rf6 0-1

[Event "46th Ghent Open 2025"]
[Site "Ghent BEL"]
[Date "2025.07.20"]
[Round "3.11"]
[White "Helmer, Jan"]
[Black "Smekens, Ruben"]
[Result "1/2-1/2"]
[WhiteTitle "CM"]
[WhiteElo "2213"]
[BlackElo "2033"]
[WhiteFideId "12956686"]
[BlackFideId "210447"]
[EventDate "2025.07.19"]

1. d4 d5 2. c4 c6 3. Nf3 Nf6 4. e3 g6 5. Bd3 Bg7 6. O-O O-O 7. Nc3 Bg4 8. h3
Bxf3 9. Qxf3 e6 10. Rd1 Nbd7 11. e4 dxe4 12. Bxe4 Qa5 13. b4 Qxb4 14. Rb1 Qxc4
15. Rxb7 Nxe4 16. Nxe4 Qd5 17. Bh6 Bxh6 18. Rxd7 Qf5 19. Qxf5 exf5 20. Nc5 Rfd8
21. Rc7 Rdc8 22. Rd7 Bg7 23. d5 Bf8 24. Nb3 c5 25. Na5 Rd8 26. Rxd8 Rxd8 27. Nc4
f6 28. f4 Kf7 29. Rd2 Rb8 30. Rc2 Ke8 31. Kf2 Kd7 32. g3 Bd6 33. Rb2 Rb4 34. Rc2
g5 35. Kf3 Kc7 36. fxg5 fxg5 37. g4 fxg4+ 38. Kxg4 h6 39. Kf5 Kd7 40. Kg6 Bf4
41. Kf5 Bg3 42. Kg6 Rxc4 43. Rxc4 Kd6 44. Kxh6 Kxd5 45. Ra4 c4 46. Rxa7 Bf4 47.
Rd7+ Kc6 48. Rd1 g4+ 49. Kh5 gxh3 50. Kg4 Be5 51. Kxh3 Bb2 52. Rd2 c3 53. Rc2
Kb5 54. Kg3 Kc4 55. a4 Kb3 1/2-1/2

[Event "46th Ghent Open 2025"]
[Site "Ghent BEL"]
[Date "2025.07.20"]
[Round "4.1"]
[White "Liu, Jason"]
[Black "Bekker, Stefan"]
[Result "1/2-1/2"]
[WhiteTitle "CM"]
[BlackTitle "FM"]
[WhiteElo "2125"]
[BlackElo "2386"]
[WhiteFideId "2514656"]
[BlackFideId "1022229"]
[EventDate "2025.07.19"]

1. e4 e5 2. Nf3 Nc6 3. Bc4 Nf6 4. d3 Bc5 5. c3 a6 6. Bb3 Ba7 7. O-O d6 8. Nbd2
O-O 9. Re1 Ng4 10. Re2 Kh8 11. Nf1 f5 12. exf5 Bxf5 13. h3 Nh6 14. Bd5 Qd7 15.
Kh2 Ng8 16. Ng3 Nge7 17. Nxf5 Nxd5 18. Ng3 Nf4 19. Bxf4 Rxf4 20. Qd2 Raf8 21.
Rae1 Qf7 22. b3 b5 23. b4 h6 24. Re4 Rxf3 25. gxf3 Qxf3 26. Rf1 Ne7 27. Qe2 Nd5
28. c4 Nc3 29. Qxf3 Rxf3 30. Rg4 Bd4 31. cxb5 axb5 32. Nh5 Rf7 33. a3 c5 34. Kg2
Nd5 35. Rg6 Rd7 36. bxc5 dxc5 37. Kh1 Nf4 38. Nxf4 exf4 39. Ra6 Bc3 40. Rb6 b4
41. axb4 cxb4 42. Rd1 f3 43. d4 Rd5 44. Rd3 Kh7 45. Rc6 Kg8 46. Rcxc3 bxc3 47.
Rxc3 Rxd4 48. Rxf3 Rd7 49. Kg2 Rf7 50. Rb3 Rf6 51. Rb4 Rg6+ 52. Kf3 Rg1 53. Rb5
Kh7 54. Ra5 Kg6 55. Kf4 Rg2 56. f3 h5 57. h4 Kh6 58. Rb5 g6 59. Ra5 Rg1 1/2-1/2

[Event "46th Ghent Open 2025"]
[Site "Ghent BEL"]
[Date "2025.07.20"]
[Round "4.2"]
[White "Knuedel, Torben"]
[Black "Vanduyfhuys, Daria"]
[Result "1-0"]
[WhiteTitle "FM"]
[BlackTitle "WFM"]
[WhiteElo "2364"]
[BlackElo "2122"]
[WhiteFideId "16208820"]
[BlackFideId "246336"]
[EventDate "2025.07.19"]

1. e4 e5 2. Nf3 Nc6 3. Bb5 a6 4. Ba4 d6 5. c3 Bd7 6. d4 g6 7. Bg5 f6 8. Be3 Nh6
9. Nbd2 Bg7 10. h4 Ng4 11. h5 exd4 12. cxd4 Nb4 13. Qb3 Nd3+ 14. Qxd3 Bxa4 15.
hxg6 Nxe3 16. fxe3 Qd7 17. gxh7 O-O-O 18. Rc1 Bf8 19. Qc4 Bb5 20. Qg8 Bh6 21.
Qg6 Bxe3 22. Rc3 Bxd2+ 23. Kxd2 Kb8 24. d5 Rdf8 25. Nd4 Qe8 26. Qxe8+ Rxe8 27.
Nxb5 axb5 28. Rg3 Kc8 29. Rg7 Kd8 30. Rc1 1-0

[Event "46th Ghent Open 2025"]
[Site "Ghent BEL"]
[Date "2025.07.20"]
[Round "4.3"]
[White "Stuer, Marc"]
[Black "Arman, Deniz"]
[Result "0-1"]
[BlackTitle "FM"]
[WhiteElo "2088"]
[BlackElo "2352"]
[WhiteFideId "203700"]
[BlackFideId "6302106"]
[EventDate "2025.07.19"]

1. d4 g6 2. Nf3 Bg7 3. g3 Nf6 4. Bg2 O-O 5. O-O d5 6. c4 c6 7. b3 dxc4 8. bxc4
c5 9. Bb2 cxd4 10. Nxd4 Qb6 11. Qb3 Nfd7 12. Rd1 Nc5 13. Qxb6 axb6 14. Nc3 Na4
15. Nxa4 Rxa4 16. e3 Rxc4 17. Ba3 Bf6 18. Rab1 Ra4 19. Nc2 Bf5 20. e4 Rxe4 21.
Bxe4 Bxe4 22. Rbc1 Nc6 23. Ne3 Ra8 24. Nc4 Nd4 25. Rxd4 Bxd4 26. Bxe7 Rxa2 27.
Ne3 Bxe3 28. fxe3 Rg2+ 29. Kf1 Rxh2 30. Rc8+ Kg7 31. g4 h6 32. Bd6 Rh1+ 33. Kf2
f5 34. gxf5 gxf5 35. Kg3 Kf6 36. Rh8 b5 37. Bf4 b4 38. Rf8+ Ke6 39. Rd8 Bc6 40.
Rd6+ Kf7 41. Be5 b3 42. Rd3 Ke6 43. Bh8 Bd5 44. Rd2 h5 45. Kf4 Rg1 0-1

[Event "46th Ghent Open 2025"]
[Site "Ghent BEL"]
[Date "2025.07.20"]
[Round "4.4"]
[White "De Waele, Warre"]
[Black "Leenen, Boyd"]
[Result "0-1"]
[WhiteTitle "FM"]
[WhiteElo "2344"]
[BlackElo "2074"]
[WhiteFideId "241156"]
[BlackFideId "1083937"]
[EventDate "2025.07.19"]

1. Nf3 d5 2. g3 Nf6 3. Bg2 e6 4. O-O Be7 5. c4 O-O 6. b3 a5 7. Nc3 c6 8. d4 b6
9. Qd3 Bb7 10. e4 dxe4 11. Nxe4 Nbd7 12. Nxf6+ Nxf6 13. Ne5 Rc8 14. Bf4 Bd6 15.
Qe2 Qe7 16. Bg5 c5 17. Bxb7 Qxb7 18. Bxf6 gxf6 19. Ng4 Qe7 20. Rad1 f5 21. dxc5
Rxc5 22. Nf6+ Kg7 23. Nh5+ Kh8 24. Rd3 e5 25. Rfd1 Bb8 26. Qe3 f4 27. Nxf4 Qg5
28. Nd5 Qxe3 29. Nxe3 Kg7 30. a4 Rc6 31. Rd7 Kg6 32. Rb7 Bd6 33. Nd5 Bc5 34. Kg2
Re8 35. g4 h6 36. Rd3 e4 37. Nf4+ Kg7 38. Rdd7 Rf8 39. Nh5+ Kg6 40. Ng3 Re6 41.
Nf5 h5 42. h3 hxg4 43. hxg4 Rf6 44. Rd5 Re6 45. Rd1 Rh8 46. Re1 Rd8 47. Ne3 Rd2
48. g5 Re5 49. Rb8 Rxg5+ 50. Kf1 Rh5 51. Kg1 f5 52. Rg8+ Kf7 53. Rg2 Rb2 54. Nd5
Rxb3 55. Nf4 Rh4 56. Ng6 Rh6 57. Nf4 Rf3 58. Nd5 Rfh3 59. Kf1 Ra3 60. Kg1 Rxa4 0-1

[Event "46th Ghent Open 2025"]
[Site "Ghent BEL"]
[Date "2025.07.20"]
[Round "4.5"]
[White "Ghyselen, Wouter"]
[Black "Terryn, Ezra"]
[Result "0-1"]
[WhiteElo "2083"]
[BlackElo "2282"]
[WhiteFideId "210250"]
[BlackFideId "233196"]
[EventDate "2025.07.19"]

1. e4 c5 2. Nf3 e6 3. d4 cxd4 4. Nxd4 Nf6 5. Nc3 Nc6 6. Be2 d6 7. Be3 Be7 8. g4
O-O 9. g5 Nd7 10. h4 a6 11. Qd2 Nxd4 12. Bxd4 b5 13. O-O-O Bb7 14. f3 b4 15. Nb1
a5 16. Rdg1 Rc8 17. h5 e5 18. g6 exd4 19. h6 fxg6 20. hxg7 Rf6 21. Qh6 Kf7 22.
Nd2 Qg8 23. f4 Qxg7 24. Qh3 Ke8 25. Bg4 Rc7 26. e5 dxe5 27. Bxd7+ Rxd7 28. fxe5
Rf5 29. Qxf5 gxf5 30. Rxg7 Bxh1 31. Rxh7 Bd5 32. Rh5 f4 33. Rf5 f3 34. Nxf3 Bxf3
35. Rxf3 Bg5+ 36. Kd1 Rf7 37. Ke2 Rxf3 38. Kxf3 Bc1 39. b3 Ke7 40. Ke4 Bb2 41.
Kd5 Bc3 42. Ke4 Ke6 43. Kf4 Bd2+ 44. Ke4 Be3 45. Kd3 Kxe5 46. Kc4 Ke4 47. Kb5
Bd2 48. Kxa5 Bc3 49. Ka4 Ke3 50. a3 bxa3 51. Kxa3 Kd2 52. b4 Bxb4+ 53. Kb2 Bc3+
54. Kb3 Kc1 0-1

[Event "46th Ghent Open 2025"]
[Site "Ghent BEL"]
[Date "2025.07.20"]
[Round "4.6"]
[White "Dreelinck, Jacob"]
[Black "Plomp, Mateo"]
[Result "1-0"]
[WhiteTitle "FM"]
[WhiteElo "2266"]
[BlackElo "2044"]
[WhiteFideId "250511"]
[BlackFideId "258083"]
[EventDate "2025.07.19"]

1. e4 e6 2. d4 d5 3. Nd2 Nc6 4. Ngf3 Nf6 5. e5 Nd7 6. Nb3 f6 7. Bb5 a5 8. a4 Be7
9. exf6 Bxf6 10. Bf4 O-O 11. O-O Ndb8 12. Bg3 Ne7 13. Re1 Nf5 14. Be5 Nh4 15.
Nxh4 Bxh4 16. g3 Bf6 17. c3 c6 18. Bf1 Bxe5 19. Rxe5 Qf6 20. Qe2 Na6 21. Bh3 Nc7
22. Nc5 Re8 23. Re1 Kf7 24. Qh5+ Kg8 25. Qe2 Kf7 26. Re3 Qh6 27. Bg2 b6 28. Nd3
Ba6 29. Ne5+ Kg8 30. Qg4 c5 31. b3 Re7 32. Nc6 Rf7 33. Ne5 Re7 34. Qd1 Rf8 35.
Qa1 Bb7 36. Nd3 Ref7 37. dxc5 bxc5 38. f4 Qh5 39. Re5 Qg6 40. Nxc5 Bc8 41. Qd1
h6 42. b4 axb4 43. cxb4 1-0

[Event "46th Ghent Open 2025"]
[Site "Ghent BEL"]
[Date "2025.07.20"]
[Round "4.7"]
[White "Zouaghi, Amir"]
[Black "Schleipfenbauer, Bent"]
[Result "1-0"]
[WhiteElo "2244"]
[BlackElo "2006"]
[WhiteFideId "249262"]
[BlackFideId "1048759"]
[EventDate "2025.07.19"]

1. e4 c5 2. c3 Nf6 3. e5 Nd5 4. Nf3 Nc6 5. Bc4 Nb6 6. Bb3 c4 7. Bc2 d6 8. exd6
e5 9. Qe2 Bxd6 10. a4 Be6 11. a5 Nd5 12. d3 cxd3 13. Qxd3 Nf4 14. Bxf4 exf4 15.
a6 b6 16. O-O Kf8 17. Rd1 Be7 18. Qe4 Qc7 19. Nd4 Bd7 20. Ba4 Rc8 21. Nb5 Qe5
22. Qxe5 Nxe5 23. Nxa7 Bxa4 24. Nxc8 Bc5 1-0

[Event "46th Ghent Open 2025"]
[Site "Ghent BEL"]
[Date "2025.07.20"]
[Round "4.8"]
[White "Roos, Adrian"]
[Black "Lopes, Samuel"]
[Result "1/2-1/2"]
[WhiteTitle "FM"]
[WhiteElo "2188"]
[BlackElo "1997"]
[WhiteFideId "263621"]
[BlackFideId "1084275"]
[EventDate "2025.07.19"]

1. d4 d5 2. c4 e6 3. Nf3 Nf6 4. Nc3 a6 5. cxd5 exd5 6. Bg5 Be6 7. e3 Nbd7 8. Bd3
Bd6 9. O-O c6 10. Bf4 Qc7 11. Qd2 O-O 12. Ng5 Rfe8 13. h3 Nf8 14. Bxd6 Qxd6 15.
f4 Bd7 16. Bc2 Re7 17. Nf3 Ne8 18. e4 dxe4 19. Nxe4 Qc7 20. Rae1 Bf5 21. Qb4
Bxe4 22. Bxe4 Nd6 23. Bc2 Rxe1 24. Rxe1 Ne6 25. f5 Nf4 26. Qc5 Nd5 27. Re5 b6
28. Qa3 Nc4 29. Qb3 Nxe5 30. dxe5 Re8 31. Be4 Rxe5 32. Nxe5 Qxe5 33. Bxd5 cxd5
34. Qxb6 h6 35. Qxa6 Qxf5 36. Qb5 Qe4 37. Kf2 d4 38. Qe2 Qf5+ 39. Ke1 Qb1+ 40.
Kf2 Qf5+ 41. Ke1 Qb1+ 42. Kf2 Qf5+ 1/2-1/2

[Event "46th Ghent Open 2025"]
[Site "Ghent BEL"]
[Date "2025.07.20"]
[Round "4.9"]
[White "Verkooyen, Frank"]
[Black "Steffens, Olaf"]
[Result "1-0"]
[BlackTitle "FM"]
[WhiteElo "2041"]
[BlackElo "2184"]
[WhiteFideId "1053167"]
[BlackFideId "4630564"]
[EventDate "2025.07.19"]

1. d4 e6 2. c4 b6 3. Nc3 Bb7 4. f3 f5 5. Nh3 Nf6 6. e3 Be7 7. Bd3 O-O 8. O-O Nc6
9. b3 Qe8 10. Nb5 Bd8 11. Ba3 d6 12. d5 exd5 13. cxd5 Ne5 14. Bc4 Nxc4 15. bxc4
a6 16. Bxd6 axb5 17. Bxf8 bxc4 18. Bb4 Qxe3+ 19. Nf2 Bxd5 20. Re1 Qf4 21. Re8+
Kf7 22. Rf8+ Kg6 23. Nh3 Qe5 24. Qc1 h6 25. Nf4+ Kh7 26. Rh8+ Kxh8 27. Ng6+ Kg8
28. Nxe5 c5 29. Be1 b5 30. Rb1 b4 31. Nxc4 Rxa2 32. Ne3 Bf7 33. Qxc5 f4 34. Ng4
Nxg4 35. fxg4 Kh7 36. Qxb4 Bd5 37. Bf2 Bg5 38. Qd4 Bf7 39. h4 Bf6 40. Qxf4 Bg6
41. Rb7 Ra1+ 42. Kh2 Bc3 43. Bd4 Ra4 44. Rxg7+ Kh8 45. Qf8# 1-0

[Event "46th Ghent Open 2025"]
[Site "Ghent BEL"]
[Date "2025.07.20"]
[Round "4.10"]
[White "Smekens, Ruben"]
[Black "Maerevoet, Sim"]
[Result "1/2-1/2"]
[BlackTitle "IM"]
[WhiteElo "2033"]
[BlackElo "2454"]
[WhiteFideId "210447"]
[BlackFideId "241725"]
[EventDate "2025.07.19"]

1. e4 c5 2. Nf3 g6 3. Bc4 Bg7 4. O-O d6 5. c3 Nf6 6. Re1 O-O 7. Bb3 b5 8. d4 Bb7
9. Bc2 Nbd7 10. h3 e5 11. dxe5 dxe5 12. a4 a6 13. axb5 axb5 14. Rxa8 Bxa8 15.
Na3 Qb8 16. Qe2 c4 17. Bg5 Nc5 18. Nd2 Ne6 19. Be3 Nh5 20. b3 Nhf4 21. Qf1 cxb3
22. Bxb3 b4 23. cxb4 Qxb4 24. Nc2 Qc3 25. Qc4 Rc8 26. Qxc3 Rxc3 27. f3 Bf8 28.
Ra1 Bc6 29. Ra5 Nc5 30. Bxf4 exf4 31. Nd4 Bd7 32. Bd5 Rc1+ 33. Kh2 Be7 34. N2b3
Nxb3 35. Nxb3 Rc7 36. Ra1 Kg7 37. Rc1 Ra7 38. Ra1 Rxa1 39. Nxa1 Bc5 40. Nb3 Bf2
41. Na5 Kf6 42. Nc4 Bc5 43. Kh1 h5 44. Kh2 Be8 45. Kh1 Ke7 46. Kh2 f6 47. g3
fxg3+ 48. Kxg3 h4+ 49. Kg2 Bd7 50. Kh2 Bf2 51. Kg2 Bg3 52. Bg8 Kf8 53. Bd5 Kg7
54. Ne3 Bf4 55. Ng4 Bb5 56. Be6 Bg5 57. Kf2 Kf8 58. Bb3 Ke7 59. Ba2 Bf4 60. Bd5
Bd7 61. Kg2 Bd2 62. Bc4 Bc6 63. Bb3 Bc3 64. Ne3 Bd4 65. Bd5 Bd7 66. Nc4 Be8 67.
Bg8 Bc6 68. Bd5 Ba4 69. Bg8 Kf8 70. Bd5 Kg7 71. Be6 Kh6 72. f4 Bc2 73. Kf3 Bd1+
74. Kg2 Be2 75. e5 Kg7 76. Bd5 Bd3 77. e6 Bc5 78. Nd2 Kf8 79. Nf3 Be3 80. Nxh4
Bxf4 81. Kf3 Bg5 82. Ng2 Ke7 83. h4 Bh6 84. Nf4 Bc2 85. Bc4 Bf5 86. Nd5+ Kxe6
87. Ne3+ Ke5 1/2-1/2

[Event "46th Ghent Open 2025"]
[Site "Ghent BEL"]
[Date "2025.07.20"]
[Round "4.11"]
[White "Mulder, Bart-Piet"]
[Black "Goudriaan, Etienne"]
[Result "0-1"]
[BlackTitle "IM"]
[WhiteElo "2025"]
[BlackElo "2322"]
[WhiteFideId "1006070"]
[BlackFideId "1021150"]
[EventDate "2025.07.19"]

1. Nf3 Nf6 2. g3 c5 3. Bg2 Nc6 4. c4 d5 5. cxd5 Nxd5 6. Nc3 Nc7 7. d3 e5 8. Bg5
Be7 9. Bxe7 Qxe7 10. Rc1 O-O 11. O-O b6 12. Qa4 Bd7 13. Qh4 f6 14. Nd2 Rac8 15.
Nd5 Qf7 16. Nxc7 Rxc7 17. a3 Nd4 18. Rfe1 g5 19. Qh6 Bg4 20. Be4 Nxe2+ 21. Rxe2
Bxe2 22. Nc4 Rd7 23. Ne3 Bxd3 24. Bxd3 Rxd3 25. Nf5 Qd7 26. Ne3 Rxe3 27. fxe3
Qd2 28. Rf1 Qxe3+ 29. Kg2 Qe4+ 30. Kg1 Qd4+ 31. Kg2 e4 0-1

[Event "46th Ghent Open 2025"]
[Site "Ghent BEL"]
[Date "2025.07.21"]
[Round "5.1"]
[White "Leenen, Boyd"]
[Black "Knuedel, Torben"]
[Result "1/2-1/2"]
[BlackTitle "FM"]
[WhiteElo "2074"]
[BlackElo "2364"]
[WhiteFideId "1083937"]
[BlackFideId "16208820"]
[EventDate "2025.07.19"]

1. d4 Nf6 2. Nf3 d5 3. c4 e6 4. g3 Be7 5. Bg2 O-O 6. O-O a5 7. Qc2 c6 8. c5 Nbd7
9. Nc3 b6 10. cxb6 Nxb6 11. e4 Ba6 12. Rd1 Rc8 13. Bf4 dxe4 14. Nxe4 Nbd5 15.
Bg5 Nb4 16. Qb1 Be2 17. Bxf6 gxf6 18. Rd2 Bxf3 19. Bxf3 f5 20. Nc3 Bg5 21. Rd1
Qf6 22. a3 Nd5 23. Qd3 Rfd8 24. Rab1 Nxc3 25. Qxc3 c5 26. d5 Qxc3 27. bxc3 Bf6
28. c4 Rb8 29. Rb5 Rxb5 1/2-1/2

[Event "46th Ghent Open 2025"]
[Site "Ghent BEL"]
[Date "2025.07.21"]
[Round "5.2"]
[White "Arman, Deniz"]
[Black "Dreelinck, Jacob"]
[Result "1-0"]
[WhiteTitle "FM"]
[BlackTitle "FM"]
[WhiteElo "2352"]
[BlackElo "2266"]
[WhiteFideId "6302106"]
[BlackFideId "250511"]
[EventDate "2025.07.19"]

1. e4 e5 2. Nf3 Nc6 3. d4 exd4 4. Nxd4 Nf6 5. Nxc6 bxc6 6. Bd3 d5 7. Nd2 Bg4 8.
f3 Be6 9. O-O Bd6 10. Qe1 O-O 11. e5 Bc5+ 12. Kh1 Nd7 13. f4 f5 14. Nf3 Bb6 15.
b4 a5 16. Qc3 Nb8 17. a3 d4 18. Qb2 Bd5 19. Bd2 axb4 20. axb4 Rxa1 21. Qxa1 c5
22. bxc5 Bxc5 23. c3 dxc3 24. Qxc3 Bb6 25. Bc4 Kh8 26. Bc1 Nc6 27. Ba3 Re8 28.
Rd1 Bxc4 29. Rxd8 Rxd8 30. h4 Bd5 31. e6 Re8 32. Bb2 Re7 33. Ng5 Kg8 34. Qd3
Bxe6 35. Nxe6 Rxe6 36. Qd5 Kf7 37. Qxf5+ Ke7 38. Ba3+ Kd7 39. Qd5+ 1-0